000 00353nam a2200133 i 4500
001 bg
100 1 _aSADAJ, Bolesław
245 0 _aProblemy kształcenia zawodowego młodzieży w toku studiów wyższych /
_cBolesław Sadaj.
260 _aWarszawa,
_c1970.
040 _cBPK
041 _apol
942 _cKS
008 s pl f |000 0 pol
999 _c7114
_d7114
856 _uhttp://koha.tu.koszalin.pl/cgi-bin/koha/opac-detail.pl?biblionumber=7114
_yKatalog online BPK